Normal view
MARC view
Entry Topical Term
001 - CONTROL NUMBER
- control field: 109932
003 - CONTROL NUMBER IDENTIFIER
- control field: NUST
005 - DATE AND TIME OF LATEST TRANSACTION
- control field: 20230307104921.0
008 - FIXED-LENGTH DATA ELEMENTS
- fixed length control field: 230307|| aca||aabn | a|a d
040 ## - CATALOGING SOURCE
- Original cataloging agency: NUST
- Transcribing agency: NUST
150 ## - HEADING--TOPICAL TERM
- General subdivision: Biological, Physicochemical & Computational Strategies
670 ## - SOURCE DATA FOUND
- Source citation: Work cat.: (NUST): Bernard Testa & Stefanie D. Kramer 109931, Pharmacokinetic Profiling in Drug Research:, 2006.
